The Grand Babylon Hotel /
When American millionaire Theodore Racksole impulsively purchases the luxurious Grand Babylon Hotel in London, a string of strange things start occurring. Amidst the many disappearances and deaths, Racksole and his daughter Nella begin investigating, suspecting foul play. Soon the Racksoles are embr...
Uloženo v:
| Hlavní autor: | |
|---|---|
| Médium: | E-kniha |
| Jazyk: | Czech |
| Vydáno: |
Praha :
Saga Egmont,
2020
|
| Tagy: |
Žádné tagy |
| LEADER | 01415nam a22002297i 4500 | ||
|---|---|---|---|
| 001 | 313947 | ||
| 007 | ta | ||
| 008 | 260625s2020 xr ||||| |||| 00| 0 cze d | ||
| 020 | |a 9990003824721 | ||
| 044 | |a xr | ||
| 100 | 1 | |a Bennett, Arnold |4 aut | |
| 245 | 1 | 0 | |a The Grand Babylon Hotel / |c Bennett, Arnold |
| 264 | 1 | |a Praha : |b Saga Egmont, |c 2020 | |
| 300 | |a 1 online zdroj (236 stran) | ||
| 336 | |a text |b txt |2 rdacontent | ||
| 337 | |a bez média |b n |2 rdamedia | ||
| 338 | |a online zdroj |b cr |2 rdacarrier | ||
| 520 | 2 | |a When American millionaire Theodore Racksole impulsively purchases the luxurious Grand Babylon Hotel in London, a string of strange things start occurring. Amidst the many disappearances and deaths, Racksole and his daughter Nella begin investigating, suspecting foul play. Soon the Racksoles are embroiled in a political and criminal conspiracy, leading them on a thrilling adventure across Europe. "The Grand Babylon Hotel" is a thrilling and charming adventure mystery from Arnold Bennett from the turn of the century. | |
| 910 | |a RBIT002 | ||
| 998 | |d 382472 |a https://core.palmknihy.cz/api/books/382472/cover?th50xn |b https://core.palmknihy.cz/api/books/382472/cover/400?th50xn |c https://core.palmknihy.cz/api/books/382472/cover/50?th50xn |e |g 236 |i 9990003824721 |j https://core.palmknihy.cz/api/books/382472/preview.epub |l |q 49 |r 1 |s https://www.palmknihy.cz/kniha/382472 |t ebook |y 2020 |z 1 | ||
| 999 | |d 313945 | ||